ISBD(ER) : International standard bibliographic description for electronic resources /

Sábháilte in:
Sonraí bibleagrafaíochta
Údair chorparáideacha: International federation of library associations and institutions (Údar), International federation of library associations and institutions. Universal bibliographic control and international MARC programme (Údar), Istituto centrale per il catalogo unico delle biblioteche italiane e per le informazioni bibliografiche, International federation of library associations and institutions. ISBD(CF) review group
Formáid: LEABHAR
Teanga:Iodáilis
Foilsithe / Cruthaithe: Roma : ICCU, 2000
Eagrán:Revised ed. from the ISBD (CF): International standard bibliographic description for computer files /
Ábhair:
Clibeanna: Cuir clib leis
Níl clibeanna ann, Bí ar an gcéad duine le clib a chur leis an taifead seo!

MARC

LEADER 00000nam a2200000 i 4500
001 IT\ICCU\VEA\0115122
003 ItRI
005 20250708123242.0
008 000311s2000 it |||||| ||||| |||||c
015 |2 IT  |a 2000-5823 
020 |z 8871070402 
020 |a 8871070925 
040 |b ita  |c ct 
041 7 |a ita  |2 ISO-639-2 
082 |a 025.344  |2 21 
110 2 |a International federation of library associations and institutions  |0 IT\ICCU\CFIV\015916  |4 aut 
240 1 0 |a ISBD(ER).  |9 International federation of library associations and institutions 
245 0 0 |a ISBD(ER) :  |b International standard bibliographic description for electronic resources /  |c International federation of library associations and institutions; IFLA, Universal bibliographic control and international Marc programme. 
250 |a Revised ed. from the ISBD (CF): International standard bibliographic description for computer files /  |b a cura dell'Istituto centrale per il catalogo unico delle biblioteche italiane e per le informazioni bibliografiche 
260 |a Roma :  |b ICCU,  |c 2000 
300 |a 122 p. ;  |c 24 cm 
500 |a Trad. di Cristina Magliano, Patrizia Martini 
500 |a Seguono appendici. 
650 7 |a Pubblicazioni elettroniche  |x Catalogazione  |x Standardizzazione  |2 scbi 
710 2 |a International federation of library associations and institutions.  |b Universal bibliographic control and international MARC programme  |0 IT\ICCU\MILV\078324  |4 aut 
710 2 |a Istituto centrale per il catalogo unico delle biblioteche italiane e per le informazioni bibliografiche  |0 IT\ICCU\CFIV\013875 
710 1 |a International federation of library associations and institutions.  |b ISBD(CF) review group  |0 IT\ICCU\MILV\192272 
942 |2 ddc  |c BK 
952 |0 0  |1 0  |2 ddc  |4 0  |6 B_SIS07LIBRAISB11  |7 1  |9 4941  |a MI  |b MI  |d 2005-06-03  |i 4900  |l 0  |o B-SIS07-LIBRA-ISB11  |p CDOM4900  |r 2025-07-07 11:14:37  |w 2025-07-07  |x DONO  |y BK 
981 1 |6 z01  |a i   |b xxxe  
982 1 |6 z01  |a n 
999 |c 3973  |d 3973